Gwathmey Siegel : (Record no. 71777)

MARC details
000 -LEADER
campo de control de longitud fija 00479nam a2200181 4500
001 - NÚMERO DE CONTROL
campo de control 19619
005 - FECHA Y HORA DE LA ÚLTIMA TRANSACCIÓN
campo de control 20230410124134.0
008 - DATOS DE LONGITUD FIJA--INFORMACIÓN GENERAL
campo de control de longitud fija 060907n2003 dr spa
020 ## - NÚMERO INTERNACIONAL ESTÁNDAR DEL LIBRO
Número Internacional Estándar del Libro 0847825299
035 ## - NÚMERO DE CONTROL DEL SISTEMA
-- funglode19770
041 ## - CÓDIGO DE IDIOMA
Código de lengua del texto/banda sonora o título independiente EN
050 14 - SIGNATURA TOPOGRÁFICA DE LA BIBLIOTECA DEL CONGRESO
Número de clasificación NA 737 G994 2003
245 0# - MENCIÓN DEL TÍTULO
Título Gwathmey Siegel :
Resto del título Buildings and projects 1992-2002 /
Mención de responsabilidad, etc. Edited by Brad Collins
260 ## - PUBLICACIÓN, DISTRIBUCIÓN, ETC.
Lugar de publicación, distribución, etc. New York :Rizzoli,
Fecha de publicación, distribución, etc. 2003
300 ## - DESCRIPCIÓN FÍSICA
Extensión 368
700 ## - ENTRADA AGREGADA--NOMBRE PERSONAL
Nombre de persona Collins, Brad
942 ## - ELEMENTOS DE ENTRADA SECUNDARIOS (KOHA)
Fuente del sistema de clasificación o colocación Clasificación de Library of Congress
Tipo de ítem Koha
Holdings
Estatus retirado Estado de pérdida Fuente del sistema de clasificación o colocación Estado de daño No para préstamo Colección Biblioteca de origen Biblioteca actual Ubicación en estantería Fecha de adquisición Serial enumeration / chronology Signatura topográfica completa Código de barras Visto por última vez Tipo de ítem Koha
    Clasificación de Library of Congress     Humanidades Biblioteca Juan Bosch Biblioteca Juan Bosch Humanidades (4to. Piso) 25/10/2018 1 NA 737 G994 2003 00000017806 25/10/2018